Effect of calcium carbonate dose on oyster mushroom spawns ឥទ្ធិពលកម្រិតកាល់ស្យូមកាបូណាតលើមេទី២របស់ដំណាំផ្សិតអំបោះ (Record no. 1203)

000 -LEADER
fixed length control field 00578nam a22001337a 4500
040 ## - CATALOGING SOURCE
Transcribing agency RUA
082 ## - DEWEY DECIMAL CLASSIFICATION NUMBER
Classification number AGR TOU 2012 B051 Or.1
100 ## - MAIN ENTRY--AUTHOR NAME
Personal name TOUR, CHANNA.
245 ## - TITLE STATEMENT
Title Effect of calcium carbonate dose on oyster mushroom spawns ឥទ្ធិពលកម្រិតកាល់ស្យូមកាបូណាតលើមេទី២របស់ដំណាំផ្សិតអំបោះ
260 ## - PUBLICATION, DISTRIBUTION, ETC. (IMPRINT)
Place of publication Phnom Penh
Name of publisher RUA
Year of publication 2012
300 ## - PHYSICAL DESCRIPTION
Number of Pages ix; 36p.
Other physical details ill.
Dimensions 29cm.
856 ## - ELECTRONIC LOCATION AND ACCESS
Uniform Resource Identifier https://drive.google.com/file/d/1UB5TIt434dWrzpg-qgu6BT1LbbMuUUHK/view?usp=sharing
942 ## - ADDED ENTRY ELEMENTS (KOHA)
Koha item type AGR
952 ## - LOCATION AND ITEM INFORMATION (KOHA)
Withdrawn status [LOCAL, KOHA] 0
952 ## - LOCATION AND ITEM INFORMATION (KOHA)
Withdrawn status [LOCAL, KOHA] 0
952 ## - LOCATION AND ITEM INFORMATION (KOHA)
Withdrawn status [LOCAL, KOHA] 0
952 ## - LOCATION AND ITEM INFORMATION (KOHA)
Withdrawn status [LOCAL, KOHA] 0
952 ## - LOCATION AND ITEM INFORMATION (KOHA)
Withdrawn status [LOCAL, KOHA] 0
952 ## - LOCATION AND ITEM INFORMATION (KOHA)
Withdrawn status [LOCAL, KOHA] 0
952 ## - LOCATION AND ITEM INFORMATION (KOHA)
Withdrawn status [LOCAL, KOHA] 0
952 ## - LOCATION AND ITEM INFORMATION (KOHA)
Withdrawn status [LOCAL, KOHA] 0
Holdings
Permanent Location Date acquired Koha item type Lost status Shelving location Barcode Current Location Full call number
Library Block B2015-09-24AGR B051RUA000851Library Block BAGR TOU 2012 B051 Or.1
Library Block B2015-09-24AGR B051RUA000419Library Block BAGR TOU 2012 B051 Or.2
Library Block B2015-09-24AGR B051RUA000347Library Block BAGR TOU 2012 B051 Or.3
Library Block B2015-09-24AGR B051RUA000565Library Block BAGR TOU 2012 B051 Or.4
Library Block B2015-09-24AGR B051RUA000263Library Block BAGR TOU 2012 B051 Or.5
Library Block B2015-09-24AGR B051RUA000341Library Block BAGR TOU 2012 B051 Or.6
Library Block B2015-09-25AGR B052RUA004689Library Block BAGR TOU 2012 B051 Or.7
Library Block B2015-09-25AGR B052RUA004850Library Block BAGR TOU 2012 B051 Or.8
មជ្ឈមណ្ឌលឯការនៃសាកលវិទ្យាល័យភូមិន្ទកសិកម្មចំការដូង

Powered by Koha